New realities (Record no. 40264)

MARC details
000 -LEADER
fixed length control field 00268nam a2200121Ia 4500
082 ## - DEWEY DECIMAL CLASSIFICATION NUMBER
Classification number 032
Item number DRU
100 ## - MAIN ENTRY--AUTHOR NAME
Personal name Peter F
245 #0 - TITLE STATEMENT
Title New realities
260 ## - PUBLICATION, DISTRIBUTION, ETC. (IMPRINT)
Name of publisher Heinemann
Year of publication 1989
490 ## - SERIES STATEMENT
Series statement New realities
942 ## - ADDED ENTRY ELEMENTS (KOHA)
Koha item type Books
Holdings
Withdrawn status Lost status Damaged status Not for loan Home library Current library Date acquired Cost, normal purchase price Full call number Accession Number Koha item type
        RRII Library RRII Library 16/12/2021 137.25 032 DRU 20569 Books